000 00323nam a22001457a 4500
003 OSt
008 260112b |||||||| |||| 00| 0 eng d
020 _a9789387944893
100 _aSharma, Robin
245 _aThe 5 AM Club
260 _aDelhi
_bJaico Book
_c2025
300 _a314
650 _aGeneral
942 _2ddc
_cBK
999 _c13780
_d13780